| 000 | 00920nam0a2200301 4500 | ||
|---|---|---|---|
| 001 | RU\NLR\BIBL_A\012842244 | ||
| 005 | 20250624180715.0 | ||
| 010 | _95000 | ||
| 035 | _a(NLR Aleph) 012842244 | ||
| 090 |
_a13310520 _c13310520 |
||
| 100 | _a20220706d1957 |||y0rusy50 ca | ||
| 101 | 0 | _alav | |
| 102 | _aLV | ||
| 105 | _ay z 000 y | ||
| 181 | 0 |
_ai _baxxe |
|
| 182 | 0 | _an | |
| 200 | 1 |
_aNo Ļeņina dzīves _fL. Fotijeva |
|
| 203 |
_aТекст _bвизуальный _cнепосредственный |
||
| 210 |
_aRīga _cLatvijas valsts izdevniecība _d1957 |
||
| 215 |
_a164, [2] с. _d13 |
||
| 541 | 1 |
_6z01790 _aИз жизни Ленина _zrus |
|
| 686 | 1 | _aА5 | |
| 700 | 1 |
_aFotijeva _bL. _f1881-1975 _gLidija _4070 |
|
| 790 | 1 |
_6z01541 _aФотиева _bЛ. А. _f1881-1975 _gЛидия Александровна _4070 |
|
| 852 |
_aNLR _bОНЛ _jЛатыш./1-444 |
||
| 942 | _cBOOK | ||
| 980 | _aNB | ||